The Free Zone Act, 1995 (Act 504) (Record no. 6049)
[ view plain ]
| 000 -LEADER | |
|---|---|
| fixed length control field | 00254nam a22001097a 4500 |
| 245 ## - TITLE STATEMENT | |
| Title | The Free Zone Act, 1995 (Act 504) |
| Statement of responsibility, etc | by Republic of Ghana |
| 246 ## - VARYING FORM OF TITLE | |
| Title proper/short title | Act 504 |
| 300 ## - PHYSICAL DESCRIPTION | |
| Extent | 15p |
| 440 ## - SERIES STATEMENT/ADDED ENTRY--TITLE | |
| Title | Acts of parliament |
| 650 ## - SUBJECT ADDED ENTRY--TOPICAL TERM | |
| Topical term or geographic name as entry element | Free zone Act |
| 942 ## - ADDED ENTRY ELEMENTS (KOHA) | |
| Item type | Reference |
| Withdrawn status | Lost status | Source of classification or shelving scheme | Damaged status | Not for loan | Collection code | Home library | Current library | Shelving location | Date acquired | Total Checkouts | Barcode | Date last seen | Price effective from | Koha item type |
|---|---|---|---|---|---|---|---|---|---|---|---|---|---|---|
| Dewey Decimal Classification | Not For Loan | Reference | Methodist University Law Library | Methodist University Law Library | Reference | 28/08/2019 | 7992 | 28/08/2019 | 28/08/2019 | Reference |